[Event "World Chess Olympiad 2018"]
[Site "Batumi"]
[Date "2018.09.28"]
[Round "5"]
[Board "2"]
[WhiteFideId "13400924"]
[White "Radjabov Teimour"]
[BlackFideId "13300881"]
[Black "Sargissian Gabriel"]
[Result "1-0"]
[LiveChessVersion "1.4.8"]
[BlackElo "2691"]
[WhiteElo "2751"]

1. d4 {[%clk 1:30:56]} Nf6 {[%clk 1:30:51]} 2. c4 {[%clk 1:31:23]} e6
{[%clk 1:31:13]} 3. Nf3 {[%clk 1:31:45]} d5 {[%clk 1:31:29]} 4. Nc3
{[%clk 1:32:07]} Be7 {[%clk 1:30:35]} 5. Bg5 {[%clk 1:32:00]} h6 {[%clk 1:30:55]}
6. Bxf6 {[%clk 1:32:25]} Bxf6 {[%clk 1:31:15]} 7. e3 {[%clk 1:32:42]} O-O
{[%clk 1:30:28]} 8. Rc1 {[%clk 1:32:58]} c6 {[%clk 1:29:37]} 9. Bd3
{[%clk 1:32:48]} Nd7 {[%clk 1:27:49]} 10. O-O {[%clk 1:33:05]} dxc4
{[%clk 1:27:40]} 11. Bxc4 {[%clk 1:33:30]} e5 {[%clk 1:28:06]} 12. Bb3
{[%clk 1:33:45]} exd4 {[%clk 1:22:20]} 13. exd4 {[%clk 1:34:00]} Re8
{[%clk 1:18:27]} 14. h3 {[%clk 1:27:47]} Nb6 {[%clk 1:13:24]} 15. Re1
{[%clk 1:27:40]} Bf5 {[%clk 1:02:28]} 16. g4 {[%clk 1:27:23]} Bg6
{[%clk 0:50:35]} 17. Rxe8+ {[%clk 1:27:15]} Qxe8 {[%clk 0:50:59]} 18. Qd2
{[%clk 1:27:20]} Qd7 {[%clk 0:45:22]} 19. Qf4 {[%clk 1:13:09]} Re8
{[%clk 0:45:01]} 20. Rd1 {[%clk 1:09:30]} Qc8 {[%clk 0:34:08]} 21. Ne5
{[%clk 1:04:05]} Bxe5 {[%clk 0:28:19]} 22. dxe5 {[%clk 1:03:30]} Rd8
{[%clk 0:25:44]} 23. Rd4 {[%clk 0:52:53]} Qc7 {[%clk 0:21:01]} 24. e6
{[%clk 0:50:25]} Rc8 {[%clk 0:20:04]} 25. Qxc7 {[%clk 0:41:52]} Rxc7
{[%clk 0:19:22]} 26. Rd8+ {[%clk 0:40:23]} Kh7 {[%clk 0:19:48]} 27. f4
{[%clk 0:39:06]} fxe6 {[%clk 0:18:07]} 28. f5 {[%clk 0:37:57]} Bf7
{[%clk 0:16:22]} 29. fxe6 {[%clk 0:38:07]} Bg6 {[%clk 0:16:48]} 30. h4
{[%clk 0:28:50]} h5 {[%clk 0:15:00]} 31. gxh5 {[%clk 0:26:31]} Bxh5
{[%clk 0:15:06]} 32. Bc2+ {[%clk 0:22:17]} Bg6 {[%clk 0:14:48]} 33. Ne4
{[%clk 0:20:40]} Bf5 {[%clk 0:09:55]} 34. Ng5+ {[%clk 0:11:34]} Kg6
{[%clk 0:10:16]} 35. e7 {[%clk 0:10:32]} Rxe7 {[%clk 0:10:34]} 36. Rd6+
{[%clk 0:10:57]} Kh5 {[%clk 0:10:55]} 37. Bxf5 {[%clk 0:11:22]} Kxh4
{[%clk 0:10:03]} 38. Rg6 {[%clk 0:07:59]} Kg3 {[%clk 0:09:13]} 39. Ne6+
{[%clk 0:06:34]} Kf3 {[%clk 0:06:53]} 40. Rg4 {[%clk 0:30:38]} Ke3
{[%clk 0:31:24]} 41. Rg3+ {[%clk 0:27:44]} Kd2 {[%clk 0:31:20]} 42. Rg2+
{[%clk 0:26:07]} Kd1 {[%clk 0:25:45]} 43. Nc5 {[%clk 0:23:12]} 1-0

[Event "World Chess Olympiad 2018"]
[Site "Batumi"]
[Date "2018.09.28"]
[Round "5"]
[Board "3"]
[WhiteFideId "13302485"]
[White "Melkumyan Hrant"]
[BlackFideId "4650891"]
[Black "Naiditsch Arkadij"]
[Result "1-0"]
[LiveChessVersion "1.4.8"]
[BlackElo "2721"]
[WhiteElo "2660"]

1. d4 {[%clk 1:30:56]} Nf6 {[%clk 1:30:50]} 2. c4 {[%clk 1:31:16]} e6
{[%clk 1:31:14]} 3. Nf3 {[%clk 1:31:36]} d5 {[%clk 1:31:36]} 4. Nc3
{[%clk 1:31:54]} Nbd7 {[%clk 1:30:57]} 5. Qc2 {[%clk 1:32:07]} Bb4
{[%clk 1:29:29]} 6. cxd5 {[%clk 1:29:01]} exd5 {[%clk 1:29:47]} 7. Bg5
{[%clk 1:27:54]} h6 {[%clk 1:30:03]} 8. Bh4 {[%clk 1:27:13]} g5 {[%clk 1:29:23]}
9. Bg3 {[%clk 1:27:36]} Ne4 {[%clk 1:29:44]} 10. Nd2 {[%clk 1:20:28]} Nxg3
{[%clk 1:29:03]} 11. hxg3 {[%clk 1:20:48]} c6 {[%clk 1:29:05]} 12. e3
{[%clk 1:21:07]} Kf8 {[%clk 1:20:02]} 13. Bd3 {[%clk 1:18:18]} Nf6
{[%clk 1:18:50]} 14. a3 {[%clk 1:08:22]} Ba5 {[%clk 1:13:19]} 15. Nb3
{[%clk 1:05:11]} Bc7 {[%clk 1:08:57]} 16. O-O-O {[%clk 1:02:50]} Kg7
{[%clk 1:08:57]} 17. Kb1 {[%clk 1:02:00]} Re8 {[%clk 1:00:18]} 18. Rc1
{[%clk 1:01:14]} a5 {[%clk 0:55:08]} 19. Ka1 {[%clk 1:00:19]} Bd6
{[%clk 0:50:34]} 20. Bf5 {[%clk 0:50:13]} a4 {[%clk 0:36:03]} 21. Nc5
{[%clk 0:44:33]} Bxc5 {[%clk 0:34:34]} 22. dxc5 {[%clk 0:44:44]} Bxf5
{[%clk 0:31:41]} 23. Qxf5 {[%clk 0:45:07]} Qd7 {[%clk 0:31:56]} 24. Qd3
{[%clk 0:40:23]} Qe7 {[%clk 0:19:34]} 25. Ne2 {[%clk 0:38:28]} Qe4
{[%clk 0:19:52]} 26. Qc3 {[%clk 0:37:04]} Qc4 {[%clk 0:16:32]} 27. Qe1
{[%clk 0:32:28]} Qd3 {[%clk 0:16:56]} 28. Nd4 {[%clk 0:27:48]} h5
{[%clk 0:16:50]} 29. Rd1 {[%clk 0:25:10]} Qg6 {[%clk 0:17:05]} 30. f3
{[%clk 0:23:26]} Re7 {[%clk 0:16:09]} 31. Qc3 {[%clk 0:23:12]} Rae8
{[%clk 0:16:04]} 32. Nc2 {[%clk 0:23:21]} Kg8 {[%clk 0:14:17]} 33. Rd4
{[%clk 0:20:58]} Ra8 {[%clk 0:14:38]} 34. g4 {[%clk 0:20:18]} h4 {[%clk 0:09:02]}
35. Rb4 {[%clk 0:20:27]} Ne8 {[%clk 0:06:34]} 36. g3 {[%clk 0:14:36]} Qf6
{[%clk 0:06:51]} 37. Qxf6 {[%clk 0:13:30]} Nxf6 {[%clk 0:07:15]} 38. gxh4
{[%clk 0:13:55]} gxh4 {[%clk 0:06:38]} 39. g5 {[%clk 0:13:30]} Nd7
{[%clk 0:06:41]} 40. Rbxh4 {[%clk 0:43:49]} Ree8 {[%clk 0:34:05]} 41. Nd4
{[%clk 0:43:29]} 1-0

[Event "World Chess Olympiad 2018"]
[Site "Batumi"]
[Date "2018.09.28"]
[Round "5"]
[Board "4"]
[WhiteFideId "13401653"]
[White "Mamedov Rauf"]
[BlackFideId "13306553"]
[Black "Martirosyan Haik M."]
[Result "1/2-1/2"]
[LiveChessVersion "1.4.8"]
[BlackElo "2597"]
[WhiteElo "2699"]

1. e4 {[%clk 1:30:55]} e6 {[%clk 1:30:53]} 2. d4 {[%clk 1:30:36]} d5
{[%clk 1:31:15]} 3. e5 {[%clk 1:28:39]} c5 {[%clk 1:31:38]} 4. c3
{[%clk 1:29:07]} Nc6 {[%clk 1:32:00]} 5. Nf3 {[%clk 1:29:29]} Qb6
{[%clk 1:32:19]} 6. a3 {[%clk 1:29:55]} c4 {[%clk 1:31:58]} 7. Nbd2
{[%clk 1:27:35]} Na5 {[%clk 1:32:18]} 8. g3 {[%clk 1:27:39]} Bd7 {[%clk 1:32:38]}
9. Bg2 {[%clk 1:27:56]} h6 {[%clk 1:28:46]} 10. O-O {[%clk 1:27:26]} O-O-O
{[%clk 1:28:57]} 11. Re1 {[%clk 1:17:16]} Ne7 {[%clk 1:25:36]} 12. Nf1
{[%clk 1:15:47]} Nb3 {[%clk 1:18:58]} 13. Rb1 {[%clk 1:15:22]} a5
{[%clk 1:15:38]} 14. Ne3 {[%clk 1:07:56]} Qc7 {[%clk 1:12:30]} 15. Nd2
{[%clk 1:03:54]} Nxd2 {[%clk 0:56:14]} 16. Bxd2 {[%clk 1:03:37]} a4
{[%clk 0:56:37]} 17. h4 {[%clk 0:53:24]} h5 {[%clk 0:48:10]} 18. Bf3
{[%clk 0:47:19]} g6 {[%clk 0:48:06]} 19. Ng2 {[%clk 0:47:33]} Bh6
{[%clk 0:46:41]} 20. Bxh6 {[%clk 0:44:14]} Rxh6 {[%clk 0:46:55]} 21. Qd2
{[%clk 0:44:32]} Nf5 {[%clk 0:41:01]} 22. Nf4 {[%clk 0:39:26]} Bc6
{[%clk 0:39:29]} 23. Nh3 {[%clk 0:38:31]} Qe7 {[%clk 0:38:38]} 24. Ng5
{[%clk 0:38:02]} Rdh8 {[%clk 0:33:05]} 25. Bd1 {[%clk 0:37:00]} Kb8
{[%clk 0:26:16]} 26. Bc2 {[%clk 0:37:02]} Kc7 {[%clk 0:25:29]} 27. Qf4
{[%clk 0:36:32]} Be8 {[%clk 0:24:13]} 28. Kf1 {[%clk 0:34:40]} Bc6
{[%clk 0:23:58]} 29. Ke2 {[%clk 0:34:24]} Be8 {[%clk 0:23:06]} 30. Kd2
{[%clk 0:31:30]} Bc6 {[%clk 0:22:39]} 31. Re2 {[%clk 0:29:11]} Kc8
{[%clk 0:22:13]} 32. Rh1 {[%clk 0:28:52]} Be8 {[%clk 0:22:21]} 33. f3
{[%clk 0:23:19]} Qf8 {[%clk 0:18:30]} 34. Reh2 {[%clk 0:20:25]} Ng7
{[%clk 0:17:28]} 35. Kc1 {[%clk 0:12:40]} Qe7 {[%clk 0:15:06]} 36. Nh3
{[%clk 0:06:50]} Bc6 {[%clk 0:14:24]} 37. Ng5 {[%clk 0:06:41]} Be8
{[%clk 0:14:52]} 38. Nh3 {[%clk 0:07:08]} Bc6 {[%clk 0:14:26]} 39. Qg5
{[%clk 0:06:25]} Kd8 {[%clk 0:11:23]} 40. Qd2 {[%clk 0:33:46]} Kc7
{[%clk 0:39:43]} 41. Nf4 {[%clk 0:30:21]} Kc8 {[%clk 0:39:13]} 42. Ne2
{[%clk 0:24:56]} Kc7 {[%clk 0:38:15]} 43. Qg5 {[%clk 0:21:40]} Kd8
{[%clk 0:38:16]} 44. Rh3 {[%clk 0:20:41]} R6h7 {[%clk 0:37:26]} 45. Nf4
{[%clk 0:19:57]} Rh6 {[%clk 0:37:18]} 46. g4 {[%clk 0:19:17]} R6h7
{[%clk 0:27:14]} 1/2-1/2

[Event "World Chess Olympiad 2018"]
[Site "Batumi"]
[Date "2018.09.28"]
[Round "5"]
[Board "2"]
[WhiteFideId "1118358"]
[White "Wojtaszek Radoslaw"]
[BlackFideId "605506"]
[Black "Bacrot Etienne"]
[Result "1-0"]
[LiveChessVersion "1.4.8"]
[BlackElo "2678"]
[WhiteElo "2727"]

1. d4 {[%clk 1:30:57]} d5 {[%clk 1:30:52]} 2. c4 {[%clk 1:31:23]} e6
{[%clk 1:31:18]} 3. Nc3 {[%clk 1:31:49]} Be7 {[%clk 1:31:42]} 4. Nf3
{[%clk 1:31:55]} Nf6 {[%clk 1:32:04]} 5. Bf4 {[%clk 1:32:20]} O-O
{[%clk 1:32:14]} 6. e3 {[%clk 1:32:46]} Nbd7 {[%clk 1:32:11]} 7. Be2
{[%clk 1:33:10]} c6 {[%clk 1:31:46]} 8. O-O {[%clk 1:33:31]} Nh5 {[%clk 1:31:56]}
9. Rc1 {[%clk 1:33:51]} Nxf4 {[%clk 1:32:15]} 10. exf4 {[%clk 1:34:17]} b6
{[%clk 1:32:38]} 11. cxd5 {[%clk 1:34:42]} cxd5 {[%clk 1:28:19]} 12. Bd3
{[%clk 1:32:45]} Bb7 {[%clk 1:24:38]} 13. Qe2 {[%clk 1:24:02]} a6
{[%clk 1:21:57]} 14. Rfe1 {[%clk 1:08:08]} Bd6 {[%clk 1:10:31]} 15. Ne5
{[%clk 1:04:22]} b5 {[%clk 1:08:36]} 16. Nb1 {[%clk 0:56:59]} Nf6
{[%clk 0:57:29]} 17. Nd2 {[%clk 0:57:11]} Qb6 {[%clk 0:57:10]} 18. Ndf3
{[%clk 0:55:37]} Rac8 {[%clk 0:34:01]} 19. Rxc8 {[%clk 0:44:22]} Bxc8
{[%clk 0:34:24]} 20. Qe3 {[%clk 0:44:48]} h6 {[%clk 0:30:23]} 21. h4
{[%clk 0:42:32]} Ne4 {[%clk 0:26:42]} 22. Rc1 {[%clk 0:41:11]} f6
{[%clk 0:22:48]} 23. Ng6 {[%clk 0:38:14]} Re8 {[%clk 0:23:12]} 24. Nd2
{[%clk 0:36:22]} f5 {[%clk 0:20:03]} 25. Nb3 {[%clk 0:35:11]} Qd8
{[%clk 0:15:24]} 26. h5 {[%clk 0:35:29]} Bb7 {[%clk 0:14:25]} 27. Ne5
{[%clk 0:29:18]} Qe7 {[%clk 0:12:26]} 28. Be2 {[%clk 0:22:31]} Rc8
{[%clk 0:11:57]} 29. g3 {[%clk 0:21:46]} Qe8 {[%clk 0:10:22]} 30. Kg2
{[%clk 0:14:05]} Nf6 {[%clk 0:10:09]} 31. Nd3 {[%clk 0:11:54]} Rxc1
{[%clk 0:09:22]} 32. Qxc1 {[%clk 0:11:42]} Kh7 {[%clk 0:06:31]} 33. Qd1
{[%clk 0:10:04]} Ne4 {[%clk 0:06:17]} 34. Ne5 {[%clk 0:08:31]} Nf6
{[%clk 0:05:09]} 35. Nc5 {[%clk 0:06:48]} Qc8 {[%clk 0:03:29]} 36. b4
{[%clk 0:06:59]} Bc6 {[%clk 0:03:54]} 37. g4 {[%clk 0:04:49]} Be8
{[%clk 0:01:59]} 38. Bd3 {[%clk 0:04:39]} Kh8 {[%clk 0:00:59]} 39. f3
{[%clk 0:05:02]} a5 {[%clk 0:00:37]} 40. bxa5 {[%clk 0:35:00]} Bxc5
{[%clk 0:30:32]} 41. Qc2 {[%clk 0:32:34]} Qa8 {[%clk 0:30:28]} 42. Qxc5
{[%clk 0:22:56]} Qxa5 {[%clk 0:30:18]} 43. Qf8+ {[%clk 0:19:30]} Kh7
{[%clk 0:27:33]} 44. gxf5 {[%clk 0:19:55]} Qd2+ {[%clk 0:26:27]} 45. Kh3
{[%clk 0:20:16]} Qe1 {[%clk 0:21:36]} 46. fxe6+ {[%clk 0:20:40]} Ne4
{[%clk 0:22:00]} 47. Bxe4+ {[%clk 0:20:02]} dxe4 {[%clk 0:21:21]} 48. Qxe8
{[%clk 0:20:26]} 1-0

[Event "World Chess Olympiad 2018"]
[Site "Batumi"]
[Date "2018.09.28"]
[Round "5"]
[Board "3"]
[WhiteFideId "608742"]
[White "Fressinet Laurent"]
[BlackFideId "1130420"]
[Black "Piorun Kacper"]
[Result "0-1"]
[LiveChessVersion "1.4.8"]
[BlackElo "2612"]
[WhiteElo "2649"]

1. e4 {[%clk 1:30:56]} c6 {[%clk 1:30:50]} 2. d4 {[%clk 1:31:19]} d5
{[%clk 1:31:15]} 3. e5 {[%clk 1:31:14]} c5 {[%clk 1:31:36]} 4. dxc5
{[%clk 1:31:13]} e6 {[%clk 1:31:55]} 5. a3 {[%clk 1:30:40]} Bxc5 {[%clk 1:32:11]}
6. Nf3 {[%clk 1:31:04]} Ne7 {[%clk 1:30:45]} 7. Bd3 {[%clk 1:27:20]} Ng6
{[%clk 1:30:16]} 8. O-O {[%clk 1:25:24]} O-O {[%clk 1:29:32]} 9. b4
{[%clk 1:22:01]} Be7 {[%clk 1:27:29]} 10. Bb2 {[%clk 1:20:08]} Nf4
{[%clk 1:21:44]} 11. Nc3 {[%clk 1:09:52]} a5 {[%clk 1:19:06]} 12. b5
{[%clk 1:09:29]} a4 {[%clk 1:11:42]} 13. Bc1 {[%clk 0:55:14]} Nxd3
{[%clk 0:59:07]} 14. cxd3 {[%clk 0:55:39]} Nd7 {[%clk 0:57:17]} 15. Re1
{[%clk 0:53:14]} Nc5 {[%clk 0:50:48]} 16. Nd4 {[%clk 0:50:30]} f6
{[%clk 0:49:41]} 17. Bf4 {[%clk 0:48:03]} f5 {[%clk 0:39:30]} 18. Bc1
{[%clk 0:35:15]} f4 {[%clk 0:37:57]} 19. Rb1 {[%clk 0:26:36]} Qe8
{[%clk 0:35:48]} 20. Nf3 {[%clk 0:19:00]} Qg6 {[%clk 0:31:56]} 21. d4
{[%clk 0:18:48]} Nd3 {[%clk 0:30:35]} 22. Re2 {[%clk 0:18:33]} Bd7
{[%clk 0:25:16]} 23. Bd2 {[%clk 0:15:40]} Rfc8 {[%clk 0:24:07]} 24. Nxa4
{[%clk 0:11:20]} Nxf2 {[%clk 0:23:57]} 25. Rxf2 {[%clk 0:11:21]} Rxa4
{[%clk 0:24:16]} 26. Rc1 {[%clk 0:08:32]} Rxc1 {[%clk 0:23:55]} 27. Qxc1
{[%clk 0:06:25]} Rc4 {[%clk 0:23:43]} 28. Qb2 {[%clk 0:05:30]} Qd3
{[%clk 0:21:45]} 29. Bxf4 {[%clk 0:03:07]} Bxa3 {[%clk 0:21:01]} 30. Qa2
{[%clk 0:00:52]} Bxb5 {[%clk 0:19:51]} 31. h3 {[%clk 0:01:11]} Ra4
{[%clk 0:18:48]} 32. Qd2 {[%clk 0:00:35]} Qxd2 {[%clk 0:18:50]} 33. Bxd2
{[%clk 0:01:04]} h6 {[%clk 0:18:11]} 34. Bc3 {[%clk 0:01:22]} Bd3
{[%clk 0:17:23]} 35. Bb2 {[%clk 0:00:58]} Bb4 {[%clk 0:15:02]} 36. Kh2
{[%clk 0:00:34]} b5 {[%clk 0:15:09]} 0-1

[Event "World Chess Olympiad 2018"]
[Site "Batumi"]
[Date "2018.09.28"]
[Round "5"]
[Board "4"]
[WhiteFideId "1124668"]
[White "Tomczak Jacek"]
[BlackFideId "603767"]
[Black "Bauer Christian"]
[Result "1-0"]
[LiveChessVersion "1.4.8"]
[BlackElo "2629"]
[WhiteElo "2614"]

1. e4 {[%clk 1:30:57]} e6 {[%clk 1:30:48]} 2. d4 {[%clk 1:31:17]} d5
{[%clk 1:31:13]} 3. Nc3 {[%clk 1:31:36]} Nc6 {[%clk 1:31:38]} 4. Nf3
{[%clk 1:31:51]} Nf6 {[%clk 1:32:00]} 5. e5 {[%clk 1:32:04]} Ne4 {[%clk 1:32:08]}
6. Ne2 {[%clk 1:32:22]} f6 {[%clk 1:21:56]} 7. Nf4 {[%clk 1:32:45]} Be7
{[%clk 1:16:16]} 8. exf6 {[%clk 1:22:27]} Bxf6 {[%clk 1:12:04]} 9. c3
{[%clk 1:22:11]} O-O {[%clk 1:06:49]} 10. Be2 {[%clk 1:21:12]} Be7
{[%clk 1:00:26]} 11. Bb5 {[%clk 1:06:12]} Bd6 {[%clk 0:57:41]} 12. Nd3
{[%clk 1:05:10]} Bd7 {[%clk 0:47:25]} 13. O-O {[%clk 0:56:34]} Rf5
{[%clk 0:35:57]} 14. a4 {[%clk 0:49:36]} Be8 {[%clk 0:31:41]} 15. g4
{[%clk 0:36:06]} Rf8 {[%clk 0:29:27]} 16. Bxc6 {[%clk 0:36:08]} bxc6
{[%clk 0:26:54]} 17. Nfe5 {[%clk 0:36:24]} c5 {[%clk 0:24:04]} 18. f3
{[%clk 0:30:41]} c4 {[%clk 0:23:32]} 19. Nf4 {[%clk 0:29:28]} Bxe5
{[%clk 0:22:25]} 20. dxe5 {[%clk 0:29:32]} Nc5 {[%clk 0:18:39]} 21. Be3
{[%clk 0:28:57]} Rxf4 {[%clk 0:16:29]} 22. Bxc5 {[%clk 0:28:43]} Bg6
{[%clk 0:14:43]} 23. Qd2 {[%clk 0:27:57]} Rf7 {[%clk 0:15:01]} 24. Kg2
{[%clk 0:24:27]} Bd3 {[%clk 0:14:14]} 25. Rf2 {[%clk 0:24:40]} Qh4
{[%clk 0:13:49]} 26. a5 {[%clk 0:22:11]} a6 {[%clk 0:13:10]} 27. b4
{[%clk 0:22:25]} c6 {[%clk 0:06:36]} 28. h3 {[%clk 0:21:52]} g5 {[%clk 0:03:27]}
29. Be3 {[%clk 0:18:09]} Rg7 {[%clk 0:03:39]} 30. Rd1 {[%clk 0:08:22]} h5
{[%clk 0:01:55]} 31. Rh1 {[%clk 0:07:14]} Rf8 {[%clk 0:01:45]} 32. Qc1
{[%clk 0:07:01]} Rff7 {[%clk 0:00:39]} 33. Rff1 {[%clk 0:04:35]} Rxf3
{[%clk 0:00:33]} 34. Rxf3 {[%clk 0:04:41]} hxg4 {[%clk 0:00:45]} 35. Rg3
{[%clk 0:03:42]} Be4+ {[%clk 0:00:34]} 36. Kh2 {[%clk 0:04:08]} Rh7
{[%clk 0:00:32]} 37. Rd1 {[%clk 0:01:11]} Rh5 {[%clk 0:00:32]} 38. Bc5
{[%clk 0:01:08]} gxh3 {[%clk 0:00:32]} 39. Be7 {[%clk 0:01:06]} Kf7
{[%clk 0:00:32]} 40. Bxg5 {[%clk 0:31:20]} Qxg3+ {[%clk 0:30:34]} 41. Kxg3
{[%clk 0:31:44]} 1-0

[Event "World Chess Olympiad 2018"]
[Site "Batumi"]
[Date "2018.09.28"]
[Round "5"]
[Board "1"]
[WhiteFideId "8603677"]
[White "Ding Liren"]
[BlackFideId "309095"]
[Black "Navara David"]
[Result "1/2-1/2"]
[LiveChessVersion "1.4.8"]
[BlackElo "2740"]
[WhiteElo "2804"]

1. c4 {[%clk 1:30:57]} Nf6 {[%clk 1:30:35]} 2. Nc3 {[%clk 1:31:03]} e5
{[%clk 1:30:12]} 3. Nf3 {[%clk 1:31:26]} Nc6 {[%clk 1:30:37]} 4. g3
{[%clk 1:31:46]} d5 {[%clk 1:30:47]} 5. cxd5 {[%clk 1:32:10]} Nxd5
{[%clk 1:31:10]} 6. Bg2 {[%clk 1:32:36]} Bc5 {[%clk 1:31:12]} 7. O-O
{[%clk 1:30:57]} O-O {[%clk 1:31:33]} 8. d3 {[%clk 1:30:33]} Bb6 {[%clk 1:31:48]}
9. Nxd5 {[%clk 1:14:45]} Qxd5 {[%clk 1:32:07]} 10. Bd2 {[%clk 1:15:10]} Qd6
{[%clk 1:26:33]} 11. Bc3 {[%clk 1:14:44]} Re8 {[%clk 1:21:34]} 12. Nd2
{[%clk 1:08:12]} Qh6 {[%clk 1:14:02]} 13. b4 {[%clk 1:06:30]} Bh3
{[%clk 1:10:59]} 14. b5 {[%clk 1:03:21]} Bxg2 {[%clk 1:00:39]} 15. Kxg2
{[%clk 1:03:48]} Bd4 {[%clk 0:42:43]} 16. Rc1 {[%clk 1:02:40]} Bxc3
{[%clk 0:43:07]} 17. Rxc3 {[%clk 1:03:07]} Nd4 {[%clk 0:43:31]} 18. a4
{[%clk 1:03:23]} Qd6 {[%clk 0:40:18]} 19. e3 {[%clk 0:57:59]} Qd5+
{[%clk 0:36:39]} 20. Nf3 {[%clk 0:53:22]} Ne6 {[%clk 0:35:39]} 21. Qb3
{[%clk 0:53:42]} Qxb3 {[%clk 0:34:11]} 22. Rxb3 {[%clk 0:54:07]} f6
{[%clk 0:33:47]} 23. Rc1 {[%clk 0:52:08]} Red8 {[%clk 0:32:06]} 24. d4
{[%clk 0:51:05]} exd4 {[%clk 0:32:18]} 25. Nxd4 {[%clk 0:51:33]} Nxd4
{[%clk 0:32:33]} 26. exd4 {[%clk 0:51:58]} Rd7 {[%clk 0:24:45]} 27. Rbc3
{[%clk 0:51:50]} Rad8 {[%clk 0:17:59]} 28. a5 {[%clk 0:51:12]} c6
{[%clk 0:14:45]} 29. bxc6 {[%clk 0:50:55]} bxc6 {[%clk 0:15:11]} 30. Rxc6
{[%clk 0:51:22]} Rxd4 {[%clk 0:15:36]} 31. Rc8 {[%clk 0:50:33]} h5
{[%clk 0:13:09]} 32. a6 {[%clk 0:49:42]} Kh7 {[%clk 0:12:31]} 33. Rxd8
{[%clk 0:50:06]} Rxd8 {[%clk 0:12:57]} 34. Rc7 {[%clk 0:50:34]} Rd3
{[%clk 0:06:52]} 35. Rxa7 {[%clk 0:50:08]} Ra3 {[%clk 0:07:18]} 36. h4
{[%clk 0:50:03]} Kg6 {[%clk 0:06:02]} 37. Kf1 {[%clk 0:48:14]} Ra2
{[%clk 0:06:09]} 38. Ke1 {[%clk 0:41:40]} Kh6 {[%clk 0:04:23]} 39. Kf1
{[%clk 0:15:44]} g5 {[%clk 0:02:25]} 40. hxg5+ {[%clk 0:40:58]} fxg5
{[%clk 0:32:49]} 41. Ra8 {[%clk 0:33:15]} g4 {[%clk 0:32:48]} 42. Ke1
{[%clk 0:33:20]} Kg7 {[%clk 0:33:06]} 43. a7 {[%clk 0:33:31]} Kh7
{[%clk 0:33:30]} 44. Kd1 {[%clk 0:33:57]} Kg7 {[%clk 0:33:57]} 45. Kc1
{[%clk 0:34:24]} Kh7 {[%clk 0:34:21]} 46. Kb1 {[%clk 0:34:50]} Ra3
{[%clk 0:34:44]} 47. Kb2 {[%clk 0:35:14]} Ra4 {[%clk 0:35:11]} 48. Kb3
{[%clk 0:35:39]} Ra5 {[%clk 0:35:37]} 49. Kb4 {[%clk 0:36:00]} Ra2
{[%clk 0:35:53]} 50. Kc5 {[%clk 0:36:18]} Kg7 {[%clk 0:36:10]} 51. Kd5
{[%clk 0:33:02]} Rd2+ {[%clk 0:36:20]} 52. Ke4 {[%clk 0:32:38]} Re2+
{[%clk 0:36:42]} 53. Kf5 {[%clk 0:31:26]} Rxf2+ {[%clk 0:37:07]} 54. Kg5
{[%clk 0:31:55]} Ra2 {[%clk 0:37:29]} 55. Kxh5 {[%clk 0:32:22]} Ra5+
{[%clk 0:37:53]} 56. Kxg4 {[%clk 0:32:48]} Ra4+ {[%clk 0:38:19]} 1/2-1/2

[Event "World Chess Olympiad 2018"]
[Site "Batumi"]
[Date "2018.09.28"]
[Round "5"]
[Board "2"]
[WhiteFideId "316385"]
[White "Laznicka Viktor"]
[BlackFideId "8603820"]
[Black "Yu Yangyi"]
[Result "1-0"]
[LiveChessVersion "1.4.8"]
[BlackElo "2765"]
[WhiteElo "2662"]

1. d4 {[%clk 1:30:57]} Nf6 {[%clk 1:30:49]} 2. c4 {[%clk 1:31:21]} e6
{[%clk 1:31:06]} 3. Nc3 {[%clk 1:31:44]} Bb4 {[%clk 1:31:22]} 4. Nf3
{[%clk 1:32:07]} c5 {[%clk 1:28:51]} 5. e3 {[%clk 1:30:48]} O-O {[%clk 1:26:48]}
6. Bd3 {[%clk 1:30:52]} b6 {[%clk 1:22:49]} 7. O-O {[%clk 1:30:07]} Bb7
{[%clk 1:19:23]} 8. Qe2 {[%clk 1:18:14]} d5 {[%clk 1:05:50]} 9. cxd5
{[%clk 1:13:05]} cxd4 {[%clk 0:55:02]} 10. exd4 {[%clk 1:12:14]} Bxc3
{[%clk 0:54:02]} 11. bxc3 {[%clk 1:11:10]} Qxd5 {[%clk 0:54:25]} 12. c4
{[%clk 0:57:17]} Qh5 {[%clk 0:53:38]} 13. Ne5 {[%clk 0:42:09]} Qh4
{[%clk 0:51:50]} 14. f4 {[%clk 0:40:19]} Nc6 {[%clk 0:49:27]} 15. Bb2
{[%clk 0:39:46]} Rad8 {[%clk 0:46:25]} 16. Rad1 {[%clk 0:39:54]} Rfe8
{[%clk 0:46:18]} 17. Bb1 {[%clk 0:39:14]} Qh5 {[%clk 0:41:34]} 18. Qe1
{[%clk 0:26:42]} Ng4 {[%clk 0:38:39]} 19. h3 {[%clk 0:18:02]} Ngxe5
{[%clk 0:32:29]} 20. fxe5 {[%clk 0:18:26]} Na5 {[%clk 0:31:50]} 21. Bc1
{[%clk 0:03:40]} Nxc4 {[%clk 0:30:38]} 22. Rf4 {[%clk 0:02:46]} Nxe5
{[%clk 0:27:50]} 23. Rh4 {[%clk 0:03:12]} Nf3+ {[%clk 0:28:09]} 24. gxf3
{[%clk 0:03:32]} Qxf3 {[%clk 0:28:36]} 25. Bxh7+ {[%clk 0:03:00]} Kf8
{[%clk 0:29:04]} 26. Be4 {[%clk 0:01:31]} Bxe4 {[%clk 0:29:31]} 27. Rxe4
{[%clk 0:01:49]} Rd5 {[%clk 0:28:36]} 28. Qe2 {[%clk 0:00:44]} Qxh3
{[%clk 0:28:27]} 29. Rd3 {[%clk 0:01:06]} Qh7 {[%clk 0:27:46]} 30. Re5
{[%clk 0:00:44]} Qg6+ {[%clk 0:26:52]} 31. Kf2 {[%clk 0:00:59]} Red8
{[%clk 0:25:54]} 32. Rg3 {[%clk 0:00:43]} Qh7 {[%clk 0:25:45]} 33. Kg2
{[%clk 0:00:46]} Rxe5 {[%clk 0:24:49]} 34. dxe5 {[%clk 0:01:03]} Rd4
{[%clk 0:24:35]} 35. Ba3+ {[%clk 0:00:38]} Kg8 {[%clk 0:24:57]} 36. Be7
{[%clk 0:00:57]} Qf5 {[%clk 0:20:23]} 37. Bf6 {[%clk 0:01:23]} g6
{[%clk 0:20:27]} 38. a3 {[%clk 0:01:24]} Kf8 {[%clk 0:17:51]} 39. Rc3
{[%clk 0:01:00]} Rg4+ {[%clk 0:14:32]} 40. Kh2 {[%clk 0:30:54]} Qh5+
{[%clk 0:40:27]} 41. Rh3 {[%clk 0:30:06]} Rh4 {[%clk 0:38:18]} 42. Qxh5
{[%clk 0:30:30]} Rxh5 {[%clk 0:38:45]} 43. Rxh5 {[%clk 0:30:54]} gxh5
{[%clk 0:39:09]} 44. Kg3 {[%clk 0:31:21]} b5 {[%clk 0:24:26]} 45. Kh4
{[%clk 0:18:50]} a5 {[%clk 0:20:53]} 46. Bd8 {[%clk 0:16:38]} b4 {[%clk 0:16:19]}
47. Bxa5 {[%clk 0:09:48]} bxa3 {[%clk 0:16:39]} 48. Kxh5 {[%clk 0:10:02]} Ke8
{[%clk 0:12:58]} 49. Kg5 {[%clk 0:08:59]} Kd7 {[%clk 0:10:39]} 50. Kf6
{[%clk 0:09:05]} Ke8 {[%clk 0:10:54]} 51. Bc3 {[%clk 0:08:03]} a2
{[%clk 0:11:17]} 52. Ba1 {[%clk 0:08:19]} Kf8 {[%clk 0:11:40]} 53. Kg5
{[%clk 0:08:46]} Ke7 {[%clk 0:08:21]} 54. Kf4 {[%clk 0:08:45]} Kd7
{[%clk 0:08:05]} 55. Ke4 {[%clk 0:09:03]} Kc6 {[%clk 0:08:31]} 56. Kd4
{[%clk 0:09:22]} Kb5 {[%clk 0:07:18]} 57. Kc3 1-0